| 000 | 00737nam a2200193 a 4500 | ||
|---|---|---|---|
| 003 | 0 | ||
| 005 | 20250626074208.0 | ||
| 008 | 021128s19uu xx 00 eng d | ||
| 050 |
_aPHS LC 1099.3 _b.L44 1998 |
||
| 100 | _aLee, Yoo Jin. | ||
| 245 |
_aEducational experiences of S.I.S. Korean HS students sy 1997-1998 / _cYoo Jin Lee. |
||
| 260 |
_aLas PiƱas City, Philippines : _bSouthville International School and Colleges, _c1998. |
||
| 300 |
_a33 pages : _billustrations ; _c29 cm. |
||
| 504 | _aIncludes bibliographical references. | ||
| 650 |
_aKorean students _zPhilippines _xSocial conditions. |
||
| 650 |
_aForeign students _zPhilippines _xSocial conditions. |
||
| 650 |
_aIntercultural education _zPhilippines. |
||
| 942 |
_2lcc _cPASS |
||
| 999 |
_c96418 _d96418 |
||